| 000 | 01022nam a2200241 a 4500 | ||
|---|---|---|---|
| 001 | 76228 | ||
| 003 | BD-RjUL | ||
| 005 | 20211209082819.0 | ||
| 008 | 161205r20181991bg ||||| |||| 00| 0 ben d | ||
| 020 | _a9844101158 (V-1) | ||
| 035 | _a(BD-RjUL)76449 | ||
| 040 |
_aBD-RjUL _bben _cBD-RjUL _dBD-RjUL |
||
| 041 | _aben | ||
| 082 |
_223 _a070.4 _bSAN 2018 |
||
| 245 | 1 | 0 |
_aসাংবাদিকতা / _cমুহাম্মদ জাহাঙ্গীর, সম্পাদিত |
| 260 |
_aঢাকা : _bমাওলা ব্রাদার্স, _c১৯৯১ [মুদ্রণ ২০১৮] |
||
| 300 |
_aখন্ড. ; _c২৩ সেমি. |
||
| 505 | 0 | _aপ্রথম খন্ড -সাংবাদিকতার বিভিন্ন দিক সম্পর্কে প্রবন্ধসংকলন। | |
| 650 |
_aসাংবাদিকতা _9169124 |
||
| 650 |
_aJournalisim _9124562 |
||
| 700 |
_aজাহাঙ্গীর, মুহাম্মদ _9234864 |
||
| 942 |
_2ddc _cBK |
||
| 999 |
_c76228 _d76228 |
||